[Event "33. ABC-Turnier 2013 - Gruppe K"]
[Site "Dortmund"]
[Date "2013.09.23"]
[Round "1.2"]
[White "Wilkins, Petra"]
[Black "Miska, Thomas"]
[Result "0-1"]
[WhiteElo "897"]
[BlackElo "951"]
[PlyCount "108"]
[EventDate "2013.??.??"]
[Source "Pit Schulenburg"]
[SourceDate "2013.09.05"]

1. d4 d5 2. Nf3 Nc6 3. g3 Bf5 4. Bg2 Qd7 5. O-O Bh3 6. Nc3 Bxg2 7. Kxg2 Nf6 8.
Bf4 e6 9. Nb5 Bd6 10. Nxd6+ cxd6 11. Bg5 Qe7 12. c3 h6 13. Bxf6 Qxf6 14. Qb3
Rb8 15. Qa3 Qe7 16. Rad1 O-O 17. Rfe1 e5 18. dxe5 dxe5 19. Qxe7 Nxe7 20. Nxe5
Rfe8 21. Nd7 Rbd8 22. Nc5 b6 23. Na6 Nc6 24. Nc7 Re7 25. Nxd5 Red7 26. e4 Kf8
27. b4 Ne7 28. Nxe7 Rxd1 29. Rxd1 Rxd1 30. Nc6 Ra1 31. Nxa7 Rxa2 32. Nb5 Ke7
33. Kf3 Kd7 34. c4 Rb2 35. h4 Rxb4 36. Na3 Ra4 37. Nc2 Rxc4 38. Ne3 Rc3 39. Kf4
b5 40. f3 g5+ 41. hxg5 hxg5+ 42. Kxg5 Rxe3 43. Kf4 Rd3 44. g4 b4 45. e5 b3 46.
Ke4 Rd1 47. Kf5 b2 48. Kf6 b1=Q 49. Kxf7 Qb6 50. f4 Kc8 51. e6 Qb3 52. g5 Rf1
53. g6 Rxf4+ 54. Ke7 Qb4+ 0-1

[Event "33. ABC-Turnier 2013 - Gruppe K"]
[Site "Dortmund"]
[Date "2013.09.19"]
[Round "1.2"]
[White "Skoecz, Stefan"]
[Black "Schmidt, Andreas N"]
[Result "1-0"]
[WhiteElo "1014"]
[BlackElo "962"]
[PlyCount "73"]
[EventDate "2013.??.??"]
[Source "Pit Schulenburg"]
[SourceDate "2013.09.05"]

1. e4 e5 2. Nf3 Nc6 3. a3 Nf6 4. Nc3 Bc5 5. h3 d5 6. exd5 Nxd5 7. Ne4 Qe7 8.
Bb5 Bd7 9. Bc4 Nf6 10. Nxc5 Qxc5 11. Qe2 O-O 12. O-O Rae8 13. d3 e4 14. dxe4
Rxe4 15. Be3 Rfe8 16. Bxc5 Rxe2 17. Bxe2 Rxe2 18. Bd4 Nd5 19. Rad1 Rxc2 20. Ne5
Nxe5 21. Bxe5 Bc6 22. Rfe1 h6 23. b4 f6 24. Bg3 Nc3 25. Kh2 Nxd1 26. Rxd1 Ba4
27. Rd8+ Kh7 28. Rb8 b5 29. Ra8 c5 30. bxc5 Rxc5 31. Rxa7 Rc3 32. Bd6 Rd3 33.
Bf8 Kg8 34. Bxg7 Rxa3 35. Bxf6 b4 36. Be7 Bc6 37. Rxa3 {Diagramm #} 1-0

[Event "33. ABC-Turnier 2013 - Gruppe K"]
[Site "Dortmund"]
[Date "2013.10.04"]
[Round "1.3"]
[White "Miska, Thomas"]
[Black "Skoecz, Stefan"]
[Result "0-1"]
[WhiteElo "951"]
[BlackElo "1014"]
[PlyCount "72"]
[EventDate "2013.??.??"]
[Source "Pit Schulenburg"]
[SourceDate "2013.09.05"]

1. e4 e5 2. Nf3 Nc6 3. Bc4 h6 4. O-O Nf6 5. Nc3 d6 6. a3 a6 7. b4 Bd7 8. Bb2 b5
9. Bb3 Be7 10. d3 O-O 11. h3 Qc8 12. Nd5 Bxh3 13. Nxf6+ Bxf6 14. Nh2 Be6 15.
Bxe6 Qxe6 16. Ng4 d5 17. Nxf6+ Qxf6 18. exd5 Ne7 19. c4 Qd6 20. Qe2 f6 21. Qf3
c6 22. dxc6 Qxc6 23. Qxc6 Nxc6 24. cxb5 axb5 25. Rfc1 Ne7 26. d4 exd4 27. Bxd4
Rfd8 28. Be3 Rd3 29. Bc5 Nf5 30. g4 Nh4 31. a4 Rxa4 32. Rxa4 bxa4 33. b5 a3 34.
b6 a2 35. b7 Rb3 36. Ra1 Rb1+ {und Weiss gab reichlich verfrueht auf. Nach 36.
Kh2 bleibt Schwarz nur der Vorteil von 3 gegen 2 Bauern am Koenigsfluegel!} 0-1

[Event "33. ABC-Turnier 2013 - Gruppe K"]
[Site "Dortmund"]
[Date "2013.10.21"]
[Round "1.3"]
[White "Schmidt, Andreas N"]
[Black "Reker, Gerhard"]
[Result "0-1"]
[WhiteElo "962"]
[BlackElo "866"]
[PlyCount "56"]
[EventDate "2013.??.??"]
[Source "Pit Schulenburg"]
[SourceDate "2013.09.05"]

1. e4 e5 2. d4 Nc6 3. Nf3 Nf6 4. Bg5 Be7 5. Nbd2 O-O 6. dxe5 Ng4 7. Bf4 d6 8.
Nc4 dxe5 9. Nfxe5 Ngxe5 10. Nxe5 Bb4+ 11. c3 Bd6 12. Nxc6 bxc6 13. e5 Bc5 14.
b4 Bb6 15. a4 a5 16. b5 cxb5 17. Bxb5 Qh4 18. Bg3 Qe4+ 19. Kf1 Bb7 20. f3 Qf5
21. Bd3 Qg5 22. f4 Qh6 23. Qg4 Rad8 24. Bc2 Rd2 25. Bxh7+ Qxh7 26. Ke1 Rc2 27.
Rd1 Qe4+ 28. Kf1 Ba6+ 0-1

[Event "33. ABC-Turnier 2013 - Gruppe K"]
[Site "Dortmund"]
[Date "2013.10.17"]
[Round "1.4"]
[White "Reker, Gerhard"]
[Black "Wilkins, Petra"]
[Result "0-1"]
[WhiteElo "866"]
[BlackElo "897"]
[PlyCount "96"]
[EventDate "2013.??.??"]
[Source "Pit Schulenburg"]
[SourceDate "2013.09.05"]

1. e4 d6 2. Nc3 Nf6 3. Nf3 Nc6 4. Bb5 Bd7 5. O-O g6 6. d3 Bg7 7. Bg5 O-O 8. Nd5
a6 9. Bxc6 Bxc6 10. Nxf6+ exf6 11. Be3 Qd7 12. Rb1 Rae8 13. c4 f5 14. exf5 Qxf5
15. Nd4 Qa5 16. Nxc6 bxc6 17. Qb3 Rb8 18. Qa3 Qxa3 19. bxa3 d5 20. Ba7 Rbd8 21.
Rfe1 dxc4 22. dxc4 Rd2 23. Re7 Rc8 24. Rbe1 Bf8 25. R7e2 Rxe2 26. Rxe2 Bxa3 27.
Be3 Rd8 28. g3 Rd3 29. Bf4 Bd6 30. Bh6 f6 31. Re8+ Kf7 32. Rh8 Rd1+ 33. Kg2 g5
34. Rxh7+ Kg6 35. Rh8 Rd2 36. Bf8 Bxf8 37. Rxf8 Rxa2 38. Rc8 Rc2 39. Rxc7 Rxc4
40. Rb7 a5 41. Ra7 Ra4 42. Ra6 c5 43. Ra8 c4 44. Rg8+ Kf7 45. Rc8 Ke6 46. Rc6+
Ke5 47. Rc5+ Kd4 48. Rf5 c3 0-1

[Event "33. ABC-Turnier 2013 - Gruppe K"]
[Site "Dortmund"]
[Date "2013.10.17"]
[Round "1.4"]
[White "Schmidt, Andreas N"]
[Black "Miska, Thomas"]
[Result "0-1"]
[WhiteElo "962"]
[BlackElo "951"]
[PlyCount "40"]
[EventDate "2013.??.??"]
[Source "Pit Schulenburg"]
[SourceDate "2013.09.05"]

1. e4 e5 2. d4 exd4 3. c3 Nc6 4. cxd4 d5 5. e5 Nge7 6. Bg5 h6 7. Qh5 Nxd4 8.
Bd3 g6 9. Qh4 Bf5 10. Bxe7 Bxe7 11. Qxd4 Qd7 12. e6 Qxe6+ 13. Ne2 O-O-O 14.
Bxf5 Qxf5 15. Qxa7 Qe5 16. Nbc3 d4 17. Qa8+ Kd7 18. Rd1 Rxa8 19. Rxd4+ Bd6 20.
O-O Qxh2# 0-1

[Event "33. ABC-Turnier 2013 - Gruppe K"]
[Site "Dortmund"]
[Date "2013.10.24"]
[Round "1.5"]
[White "Miska, Thomas"]
[Black "Reker, Gerhard"]
[Result "0-1"]
[WhiteElo "951"]
[BlackElo "866"]
[PlyCount "116"]
[EventDate "2013.??.??"]
[Source "Pit Schulenburg"]
[SourceDate "2013.09.05"]

1. e4 e5 2. Bc4 d6 3. Nf3 Bg4 4. h3 Bxf3 5. Qxf3 Nf6 6. Nc3 Nc6 7. Nd5 Be7 8.
Nxe7 Qxe7 9. O-O Nd4 10. Qd3 O-O 11. c3 Nc6 12. Qe2 a6 13. a4 Na5 14. Ba2 c5
15. d3 Qd7 16. Bg5 Ne8 17. b4 Nc6 18. Qf3 g6 19. a5 Ng7 20. Rab1 Ne6 21. Bxe6
Qxe6 22. b5 Nxa5 23. bxa6 Nb3 24. Qd1 Na5 25. axb7 Rab8 26. c4 Nxb7 27. Bh6
Rfe8 28. Bd2 h5 29. f4 exf4 30. Rxf4 Rf8 31. Qe2 Qd7 32. Bc3 Qe6 33. e5 dxe5
34. Bxe5 Nd6 35. Rxb8 Rxb8 36. Rf6 Qe7 37. Rxd6 Re8 38. Qb2 Qxe5 39. Qxe5 Rxe5
40. Rd5 Rxd5 41. cxd5 Kf8 42. Kf2 Ke7 43. Ke3 Kd6 44. Ke4 f5+ 45. Kf4 Kxd5 46.
Kg5 Kd4 47. Kxg6 Kxd3 48. Kxh5 c4 49. Kg5 Ke4 50. h4 c3 51. h5 c2 52. Kh6 c1=Q+
53. Kg6 Qc6+ 54. Kg7 Qd7+ 55. Kg6 Qe8+ 56. Kf6 Qf8+ 57. Kg5 Qg7+ 58. Kh4 Qg4#
0-1

[Event "33. ABC-Turnier 2013 - Gruppe K"]
[Site "Dortmund"]
[Date "2013.10.24"]
[Round "1.5"]
[White "Wilkins, Petra"]
[Black "Skoecz, Stefan"]
[Result "0-1"]
[WhiteElo "897"]
[BlackElo "1014"]
[PlyCount "64"]
[EventDate "2013.??.??"]
[Source "Pit Schulenburg"]
[SourceDate "2013.09.05"]

1. d4 d5 2. Nf3 Nc6 3. g3 h6 4. Bg2 Nf6 5. c3 Bg4 6. O-O Bxf3 7. Bxf3 e6 8. Nd2
Bd6 9. c4 Nxd4 10. Qa4+ Qd7 11. Qxd7+ Nxd7 12. cxd5 Nxf3+ 13. exf3 exd5 14.
Re1+ Kd8 15. a3 Re8 16. Kf1 Rxe1+ 17. Kxe1 c6 18. b4 Be5 19. Rb1 Kc7 20. f4 Bc3
21. Kf1 a6 22. Nf3 f5 23. Nh4 Re8 24. Nxf5 Re1+ 25. Kg2 Bd2 26. Nxg7 Bxc1 27.
h4 d4 28. h5 d3 29. Nf5 d2 30. Nxh6 d1=Q 31. g4 Rg1+ 32. Kh3 Qd3+ 0-1

[Event "33. ABC-Turnier 2013 - Gruppe K"]
[Site "Dortmund"]
[Date "2013.11.07"]
[Round "2.1"]
[White "Reker, Gerhard"]
[Black "Skoecz, Stefan"]
[Result "0-1"]
[WhiteElo "866"]
[BlackElo "1014"]
[PlyCount "82"]
[EventDate "2013.??.??"]
[Source "Pit Schulenburg"]
[SourceDate "2013.09.05"]

1. e4 e5 2. Nf3 Nc6 3. Bb5 Nge7 4. O-O a6 5. Bxc6 Nxc6 6. Nc3 d6 7. Nd5 Be6 8.
c4 b5 9. d3 h6 10. cxb5 axb5 11. b3 Bxd5 12. exd5 Nb4 13. d4 exd4 14. Qxd4 Qf6
15. Re1+ Be7 16. Qxf6 gxf6 17. Nd4 Kf8 18. Nf5 Nc2 19. Bxh6+ Rxh6 20. Nxh6 Nxe1
21. Rxe1 Rxa2 22. Nf5 Bd8 23. Nd4 Rb2 24. Nc6 Be7 25. Nxe7 Rxb3 26. f4 Rb2 27.
g3 b4 28. Nc6 b3 29. Nd4 Kg7 30. Re3 Rb1+ 31. Kg2 b2 32. Nc2 Rg1+ 33. Kxg1
b1=Q+ 34. Ne1 Qb2 35. h4 Qd2 36. Ng2 Qxd5 37. g4 c5 38. h5 c4 39. Rh3 Qd1+ 40.
Kh2 Qd2 41. h6+ Kh7 0-1

[Event "33. ABC-Turnier 2013 - Gruppe K"]
[Site "Dortmund"]
[Date "2013.11.07"]
[Round "2.1"]
[White "Wilkins, Petra"]
[Black "Schmidt, Andreas N"]
[Result "0-1"]
[WhiteElo "897"]
[BlackElo "962"]
[PlyCount "48"]
[EventDate "2013.??.??"]
[Source "Pit Schulenburg"]
[SourceDate "2013.09.05"]

1. d4 d5 2. Nf3 Bf5 3. e3 a6 4. b3 Nc6 5. Bb2 e6 6. Nbd2 Nb4 7. e4 dxe4 8. a3
Nxc2+ 9. Qxc2 exf3 10. Ne4 Nf6 11. gxf3 Qd5 12. Bd3 Nxe4 13. fxe4 Qc6 14. Qxc6+
bxc6 15. exf5 exf5 16. Bxf5 Rd8 17. Rc1 Bd6 18. Rxc6 O-O 19. Rxa6 Rfe8+ 20. Kf1
c5 21. dxc5 Bxc5 22. Rg1 Rd2 23. Rxg7+ Kf8 24. Rg2 Rd1# 0-1

[Event "33. ABC-Turnier 2013 - Gruppe K"]
[Site "Dortmund"]
[Date "2013.11.21"]
[Round "2.2"]
[White "Miska, Thomas"]
[Black "Wilkins, Petra"]
[Result "1/2-1/2"]
[WhiteElo "951"]
[BlackElo "897"]
[PlyCount "85"]
[EventDate "2013.??.??"]
[Source "Pit Schulenburg"]
[SourceDate "2013.09.05"]

1. e4 e5 2. Nf3 d6 3. Be2 Nf6 4. d3 Nc6 5. Nc3 g6 6. Bd2 Bg7 7. O-O O-O 8. Qc1
Bg4 9. h3 Bxf3 10. Bxf3 Nd4 11. Bd1 Qd7 12. Ne2 Ne6 13. Bh6 Nh5 14. Ng3 Nhf4
15. Bxg7 Nxg7 16. Ne2 Nge6 17. Nxf4 Nxf4 18. d4 Qc6 19. d5 Qc4 20. Re1 f5 21.
b3 Qc3 22. Bf3 fxe4 23. Bxe4 Qc5 24. Qd2 Rf7 25. Kh2 Nh5 26. f3 Nf6 27. c4 Re8
28. Rf1 Qd4 29. Qc2 Qe3 30. Rae1 Qf4+ 31. g3 Qh6 32. Rg1 Nh5 33. h4 Ref8 34.
Ref1 Nf6 35. Qe2 Qh5 36. Qg2 Nxe4 37. fxe4 g5 38. Rxf7 Rxf7 39. Rf1 g4 40. Rxf7
Qxf7 41. Kg1 h5 42. Qf2 Qg6 43. Qe3 1/2-1/2

[Event "33. ABC-Turnier 2013 - Gruppe K"]
[Site "Dortmund"]
[Date "2013.11.25"]
[Round "2.2"]
[White "Schmidt, Andreas N"]
[Black "Skoecz, Stefan"]
[Result "1-0"]
[WhiteElo "962"]
[BlackElo "1014"]
[PlyCount "64"]
[EventDate "2013.??.??"]
[Source "Pit Schulenburg"]
[SourceDate "2013.09.05"]

1. e4 e5 2. d4 exd4 3. c3 dxc3 4. Bc4 Qe7 5. Nxc3 h6 6. a3 Nf6 7. Bd3 d5 8. Qc2
dxe4 9. Nxe4 Bf5 10. f3 Nbd7 11. Ne2 Ne5 12. Nxf6+ gxf6 13. Bxf5 c6 14. Bf4 Rg8
15. O-O Rd8 16. Rad1 Rxd1 17. Qxd1 Qc5+ 18. Nd4 Qc4 19. Re1 Bc5 20. Bxe5 fxe5
21. Rxe5+ Kf8 22. Rxc5 Qxc5 23. Kh1 Rg5 24. Be6 Qd6 25. f4 fxe6 26. fxg5 c5 27.
Qf3+ Ke7 28. Qf6+ Kd7 29. gxh6 cxd4 30. h7 Qc5 31. h3 Qh5 32. h8=Q d3 1-0

[Event "33. ABC-Turnier 2013 - Gruppe K"]
[Site "Dortmund"]
[Date "2013.11.28"]
[Round "2.3"]
[White "Reker, Gerhard"]
[Black "Schmidt, Andreas N"]
[Result "1-0"]
[WhiteElo "866"]
[BlackElo "962"]
[PlyCount "61"]
[EventDate "2013.??.??"]
[Source "Pit Schulenburg"]
[SourceDate "2013.09.05"]

1. e4 e5 2. Nf3 Nc6 3. Nc3 Nf6 4. Bb5 Bc5 5. Bxc6 dxc6 6. Nxe5 Qd4 7. Nd3 Bb6
8. O-O O-O 9. Qe1 Re8 10. e5 Qh4 11. Qe2 Bg4 12. g3 Qh3 13. Nf4 Qh6 14. Qc4
Rxe5 15. d4 Bxd4 16. Qxd4 Rg5 17. Ng2 Qh3 18. Bxg5 Bf3 19. Nh4 c5 20. Qf4 Ng4
21. Nxf3 h6 22. Be7 g5 23. Qf5 Re8 24. Nd5 Qh5 25. Rae1 Qg6 26. Qxg4 f5 27. Qc4
Qf7 28. Nf6+ Kg7 29. Nxe8+ Qxe8 30. Bxc5 Qxe1 31. Rxe1 1-0

[Event "33. ABC-Turnier 2013 - Gruppe K"]
[Site "Dortmund"]
[Date "2013.11.28"]
[Round "2.3"]
[White "Skoecz, Stefan"]
[Black "Miska, Thomas"]
[Result "1-0"]
[WhiteElo "1014"]
[BlackElo "951"]
[PlyCount "79"]
[EventDate "2013.??.??"]
[Source "Pit Schulenburg"]
[SourceDate "2013.09.05"]

1. g3 d5 2. Bg2 Nf6 3. d4 e6 4. Bg5 Be7 5. Bxf6 Bxf6 6. e3 O-O 7. Nc3 Nc6 8.
Nf3 Qe7 9. O-O Qb4 10. Rb1 Qd6 11. a3 a6 12. Qd3 e5 13. dxe5 Nxe5 14. Qxd5
Nxf3+ 15. Bxf3 Bxc3 16. Qxd6 cxd6 17. bxc3 Rb8 18. Rfd1 Rd8 19. c4 b6 20. a4
Bb7 21. Bxb7 Rxb7 22. Rd5 Kf8 23. a5 b5 24. cxb5 Ke7 25. b6 Rc8 26. Rbd1 Rd8
27. e4 f6 28. c4 Rbd7 29. Kg2 h6 30. h4 g6 31. f4 Ke6 32. f5+ gxf5 33. exf5+
Kf7 34. c5 Ke7 35. Re1+ Kf7 36. c6 Re7 37. c7 h5 38. Rxe7+ Kxe7 39. cxd8=Q+
Kxd8 40. Rxd6+ 1-0

[Event "33. ABC-Turnier 2013 - Gruppe K"]
[Site "Dortmund"]
[Date "2013.12.05"]
[Round "2.4"]
[White "Wilkins, Petra"]
[Black "Reker, Gerhard"]
[Result "1-0"]
[WhiteElo "897"]
[BlackElo "866"]
[PlyCount "53"]
[EventDate "2013.??.??"]
[Source "Pit Schulenburg"]
[SourceDate "2013.09.05"]

1. d4 Nc6 2. Nf3 Nf6 3. c4 d5 4. e3 Bg4 5. b3 e6 6. Be2 Bb4+ 7. Bd2 O-O 8. O-O
Bxf3 9. Bxf3 Ne4 10. c5 b6 11. a3 Bxd2 12. Nxd2 Nc3 13. Qc2 Nb5 14. a4 Nb4 15.
Qb2 Nd3 16. Qb1 Nxf2 17. axb5 Ne4 18. Nxe4 dxe4 19. Bxe4 Rb8 20. Bxh7+ Kh8 21.
Be4 f5 22. Bc2 Qg5 23. Rf3 a5 24. bxa6 bxc5 25. dxc5 Rb5 26. b4 Qh4 27. Rh3 1-0

[Event "33. ABC-Turnier 2013 - Gruppe K"]
[Site "Dortmund"]
[Date "2013.12.05"]
[Round "2.4"]
[White "Miska, Thomas"]
[Black "Schmidt, Andreas N"]
[Result "0-1"]
[WhiteElo "951"]
[BlackElo "962"]
[PlyCount "64"]
[EventDate "2013.??.??"]
[Source "Pit Schulenburg"]
[SourceDate "2013.09.05"]

1. g3 e5 2. Bg2 d5 3. d3 Nf6 4. Bg5 Be7 5. Bxf6 Bxf6 6. Nc3 c6 7. e4 d4 8. Nce2
Be6 9. Nf3 O-O 10. O-O Nd7 11. c4 b5 12. cxb5 cxb5 13. b3 Qb6 14. Qd2 h6 15.
Rac1 Bg4 16. h3 Be6 17. h4 b4 18. Kh2 a5 19. Bh3 a4 20. Bxe6 Qxe6 21. Qxb4 axb3
22. axb3 Be7 23. Qd2 Nf6 24. Rb1 Ng4+ 25. Kg2 f5 26. Nh2 f4 27. Nxg4 f3+ 28.
Kh3 h5 29. Nf4 Qxg4+ 30. Kh2 exf4 31. Rg1 Bxh4 32. gxh4 Qxh4# 0-1

[Event "33. ABC-Turnier 2013 - Gruppe K"]
[Site "Dortmund"]
[Date "2013.12.19"]
[Round "2.5"]
[White "Reker, Gerhard"]
[Black "Miska, Thomas"]
[Result "0-1"]
[WhiteElo "866"]
[BlackElo "951"]
[PlyCount "34"]
[EventDate "2013.??.??"]
[Source "Pit Schulenburg"]
[SourceDate "2013.09.05"]

1. e4 e5 2. Nf3 Nc6 3. Bb5 a6 4. Bxc6 bxc6 5. O-O d5 6. Nxe5 Bb7 7. exd5 cxd5
8. Qe1 Be7 9. d4 f6 10. Nd3 Nh6 11. Bxh6 gxh6 12. Qe3 Qd7 13. Nc5 Qc6 14. Re1
O-O-O 15. Qxe7 Rhe8 16. Qxd8+ Kxd8 17. Nc3 Bc8 0-1

[Event "33. ABC-Turnier 2013 - Gruppe K"]
[Site "Dortmund"]
[Date "2013.12.12"]
[Round "2.5"]
[White "Skoecz, Stefan"]
[Black "Wilkins, Petra"]
[Result "0-1"]
[WhiteElo "1014"]
[BlackElo "897"]
[PlyCount "72"]
[EventDate "2013.??.??"]
[Source "Pit Schulenburg"]
[SourceDate "2013.09.05"]

1. e4 d6 2. g3 Nf6 3. Bg2 g6 4. d3 Bg7 5. Nc3 e5 6. Bg5 c6 7. Bh3 Nbd7 8. Qf3
O-O 9. O-O-O h6 10. Bxf6 Bxf6 11. Bxd7 Bg5+ 12. Kb1 Bxd7 13. d4 Bf6 14. dxe5
Bxe5 15. h4 Qb6 16. h5 g5 17. Nge2 a5 18. g4 a4 19. a3 Be6 20. Ng3 Bxg4 21.
Nxa4 Rxa4 22. Qb3 Qxb3 23. cxb3 Bxd1 24. bxa4 Bxa4 25. Nf5 Kh7 26. Kc1 Bf4+ 27.
Kb1 c5 28. f3 Bc6 29. Rd1 Rd8 30. Ne7 Bb5 31. Nd5 Be2 32. Re1 Bxf3 33. Ka1 Be5
34. Rf1 g4 35. Ne3 Rg8 36. Rf2 Bd4 0-1